Welcome to the Holygrace Academy Library

Please use search bar below to get started

MAHABHARATHA KADHAKAL (Record no. 1106)

MARC details
000 -LEADER
fixed length control field 00361nam a22001457a 4500
020 ## - INTERNATIONAL STANDARD BOOK NUMBER
ISBN 978-93-82776-72-7
082 ## - DEWEY DECIMAL CLASSIFICATION NUMBER
Classification number 894.812.3
Item number KAV/K
100 ## - MAIN ENTRY--AUTHOR NAME
Personal name A B V KAVILPPAD
245 ## - TITLE STATEMENT
Title MAHABHARATHA KADHAKAL
Remainder of title KUTTIKALKULLA
250 ## - EDITION STATEMENT
Edition statement 5
260 ## - PUBLICATION, DISTRIBUTION, ETC. (IMPRINT)
Place of publication THRISSUR
Name of publisher H&C PUBLISHING HOUSE
Year of publication 2013
300 ## - PHYSICAL DESCRIPTION
Number of Pages 112
650 ## - SUBJECT ADDED ENTRY--TOPICAL TERM
Topical Term SHORT STORY MALAYALAM
Geographic subdivision KERALA
942 ## - ADDED ENTRY ELEMENTS (KOHA)
Koha item type Books
Holdings
Withdrawn status Lost status Collection code Home library Current library Shelving location Date acquired Source of acquisition Cost, normal purchase price Full call number Accession Number Koha item type
    Fiction Main Library Main Library SHELF-6C MALAYALAM SHORT STORIES 06/03/2014 PURCHASE 20.00 894.812.3 KAV/K 07686 Books
    Fiction Main Library Main Library SHELF-6D- MALAYALAM SHORT STORIES 13/12/2019 PURCHASE 30.00 894.812.3 KAV/K 12285 Books
    Fiction Main Library Main Library SHELF 4-E RCHIE & ILLUSTRATED CLASSICS 04/12/2018 Purchase 20.00 894.812.3 KAV/K 11612 Books